000 02299cam a2200337 4500500
005 20251228073818.0
041 _afre
042 _adc
100 1 0 _aZambon, Alessia
_eauthor
245 0 0 _aLes premiers voyageurs et la dorure du Parthénon : mise au point sur une controverse ancienne
260 _c2012.
500 _a41
520 _aRésuméAu‑delà des sources anciennes, les arguments régulièrement avancés en faveur d’une dorure des marbres du Parthénon tiennent aux récits des voyageurs de la fin du xviiie et du début du xixe s. Les noms le plus souvent évoqués à ce sujet sont ceux de Haygarth, Dodwell, Clarke, Brøndsted, Cockerell, Fauvel et Millin. L’auteur soumet leurs témoignages et ceux de quelques autres voyageurs à une critique rigoureuse pour en vérifier la nature exacte. Il apparaît ainsi que, bien que les remarques des premiers voyageurs aient contribué à forger les avis sur l’emploi de la polychromie et de la dorure dans l’Antiquité, elles ne reposent pas toujours sur des observations de première main.
520 _aBesides ancient sources, the arguments used by scholars to support the idea of a gilt Parthenon are mainly based on 18th and early 19th century travellers’ accounts. The most quoted names are those of Haygarth, Dodwell, Clarke, Brøndsted, Cockerell, Fauvel and Millin. To verify the exact nature of these accounts and a few others, the author submits them to a strict analysis. It appears that, even though the descriptions of the first travellers have contributed to build up opinions on the use of polychromy and gilding in Antiquity, they are not always based on first‑hand observation.
690 _aarchitecture grecque
690 _aart grec
690 _adorure
690 _aParthénon
690 _apolychromie
690 _avoyageurs en Grèce
690 _axviiie et début du xixe s
690 _a18 and early 19th cent
690 _agilding
690 _agreek architecture
690 _agreek art
690 _aParthenon
690 _apolychromy
690 _atravellers in Greece
786 0 _nRevue archéologique | 53 | 1 | 2012-08-01 | p. 41-61 | 0035-0737
856 4 1 _uhttps://shs.cairn.info/revue-archeologique-2012-1-page-41?lang=fr&redirect-ssocas=7080
999 _c1596066
_d1596066